Proyecto de código maritimo

Salvato in:
Dettagli Bibliografici
Autore principale: Larraín Zañartu, José Joaquín (Autore)
Natura: Libro
Lingua:spagnolo
Pubblicazione: Santiago, Chile Imprenta Nacional 1889
Soggetti:
Accesso online:Acceso texto completo
Tags: Aggiungi Tag
Nessun Tag, puoi essere il primo ad aggiungerne!!

MARC

LEADER 00000cam a2200000 a 4500
001 UCH2417
003 CL-VaPUC
005 20211106074505.0
008 090611e18890000CL |||||||||||||||||spa|d
999 |c 334157  |d 334155 
040 |c Pontificia Universidad Católica de Valparaíso 
082 0 4 |a 341.45 LAR 1889  |2 21 
100 |a Larraín Zañartu, José Joaquín  |e author  |9 537220 
245 1 0 |a Proyecto de código maritimo 
260 |a Santiago, Chile   |b Imprenta Nacional  |c 1889 
300 |a 186 páginas  
583 |a last modification  |c 20131009 05:44:38  |k Rodrigo Vera 
650 0 |a Derecho internacional  |9 255637 
650 0 |a Derecho marítimo  |9 255301 
650 0 |a Derecho internacional privado  |9 256361 
651 7 |a CHILE  |2 CL-VaPUC  |9 537221 
852 |a BIBCUR 
856 |u http://opac.pucv.cl/pucv_txt/Txt-2000/UCH2417_01.pdf  |z Acceso texto completo  
942 |c BK  |2 ddc 
945 |d 20090611 00:00:00  |a dcastane 
952 |0 0  |1 0  |2 ddc  |4 0  |5 1  |6 341_450000000000000_LAR_1889  |7 1  |8 C_LRYV  |9 422990  |a FDOBRV  |b BIBDER  |d 2019-11-22  |i 4555929  |o 341.45 LAR 1889  |p 4555929  |r 2023-01-25  |w 2019-11-22  |y BK_X  |k BRV